Miami Heat Top 10 Leaders Playoffs - Statistics

General Stats
  • This quiz has been taken 556 times
    173 since last reset
  • The average score is 13 of 21
Answer Stats
Players % Correct
Dwyane Wade
100%
LeBron James
99%
Chris Bosh
98%
Bam Adebayo
95%
Jimmy Butler
95%
Alonzo Mourning
90%
Tyler Herro
89%
Shaquille O'Neal
85%
Udonis Haslem
81%
Mario Chalmers
71%
Tim Hardaway
71%
Duncan Robinson
60%
Goran Dragić
58%
Eddie Jones
44%
James Jones
44%
Kyle Lowry
34%
Joel Anthony
27%
Chris Andersen
21%
P.J. Brown
20%
Gabe Vincent
18%
Dan Majerle
12%
No matching quizzes found
Score Distribution
Percent of People with Each Score
Percentile by Number Answered
Your Score History
You have not taken this quiz since the last reset